LEADER 00766nam 2200253 450 001 996650572303316 005 20250407093129.0 100 $a20250407d1951----km y0itay5003 ba 101 0 $aita 102 $aIT 105 $ay 00 y 200 1 $aSummary of English history and geography$eProntuario per la preparazione agli esami$fMichelotti Albertina 210 $aTorino$cSei, Soc. Ed. Internazionale$d1951 215 $a16 p.$d12 cm 606 0 $aProntuari$2BNCF 676 $a428 700 1$aMICHELOTTI,$bAlbertina$01803533 801 0$aIT$bcba$gREICAT 912 $a996650572303316 951 $aVII.3.B. 2391$b289508L.M.$cVII.3.B.$d569690 959 $aBK 969 $aUMA 996 $aSummary of English history and geography$94350796 997 $aUNISA